| 000 | 00370 a2200109 4500 | ||
|---|---|---|---|
| 001 | ART_6794 | ||
| 005 | 20260410161719.0 | ||
| 008 | 260409a | ||
| 245 | 1 | 0 | _aAlgunos supuestos no económicos acerca de la teoría general contable |
| 100 | 1 | _aGarcía Casella, Carlos Luis | |
| 773 | 0 |
_tContabilidad y auditoría _g- Año 3, Nº 6 (oct. 1997) _wREV1723 |
|
| 999 |
_c16808 _d16808 |
||